00401 2200157 4500001002100000008004100021035002000062245003400082100001700116260003200133300002200165020002200187084001400209082000800223990001200231INLIS000000000002858 IND  a0010-0925000205 aForgoten AngelscNenny Makmun aNenny Makmun aJakartabRumah Oranyec2014 a174c(13 x 19 cm) a978-602-1588-54-3 a813 NEN f a813 a0755080